| 000 | 00645nam a22002177a 4500 | ||
|---|---|---|---|
| 005 | 20170124110036.0 | ||
| 010 | _aA-288565 | ||
| 020 | _c00.00 | ||
| 035 | _aA-288565 | ||
| 037 | _bCen Lib/Ret | ||
| 040 |
_aDPL _bEN |
||
| 082 |
_a332.1 _bMAL |
||
| 100 |
_aMallya, K. G _922640 |
||
| 245 |
_aThe ABC of bank credit / _cby K. G. Mallya |
||
| 260 |
_aBombay _bPopular Prakashan _c1985 |
||
| 270 |
_a35-C, Pandit Mohan Madan Marg, Tardeo _bBombay _e400034 |
||
| 300 |
_axi,108p. _c21cm(Hb) |
||
| 650 |
_aBanks and banking _9114369 |
||
| 650 |
_aBanks and banking--Government policy _9114370 |
||
| 942 |
_2ddc _cEN _h332.1 _mMAL |
||
| 999 |
_c128183 _d128183 |
||